| Tag |
First Indicator |
Second Indicator |
Subfields |
| LEADER |
00000cas a2200000 4500 |
| 001 |
in00000057437 |
| 005 |
20151007082124.0 |
| 008 |
790426d19561964nyuar 0uuua1enge |
| 010 |
|
|
|a 56008938
|
| 022 |
|
|
|a 0570-2569
|
| 035 |
|
|
|a (OCoLC)04900543
|
| 035 |
|
|
|9 AAF7399AM
|
| 040 |
|
|
|a DLC
|c EMU
|d TXA
|d UtOrBLW
|
| 049 |
|
|
|a TXAS [scif]
|
| 050 |
|
0 |
|a PS648.S3
|b A65
|
| 082 |
0 |
|
|a 808.83
|
| 245 |
0 |
0 |
|a Annual of the year's best SF.
|
| 247 |
0 |
1 |
|a SF, The year's greatest science-fiction & fantasy
|
| 264 |
|
1 |
|a New York :
|b Simon and Schuster [etc.]
|
| 300 |
|
|
|a volumes ;
|c 17-22 cm. annual.
|
| 336 |
|
|
|a text
|b txt
|2 rdacontent
|
| 337 |
|
|
|a unmediated
|b n
|2 rdamedia
|
| 338 |
|
|
|a volume
|b nc
|2 rdacarrier
|
| 362 |
0 |
|
|a [1st]-9th; 1956-1964.
|
| 650 |
|
0 |
|a Science fiction
|v Periodicals.
|
| 785 |
0 |
0 |
|t Year's best SF
|c (New York, 196-- )
|
| 999 |
|
|
|a MARS
|
| 999 |
f |
f |
|s 61d3a1b6-e57f-3d12-82db-fa12d94f34c3
|i 5b441008-662b-3fb3-9928-3cc4ae774a34
|t 0
|
| 952 |
f |
f |
|p default
|a Texas A&M University
|b College Station
|c Sterling C. Evans Library
|s Evans stk
|d Evans: Library Stacks
|t 0
|e PS648.S3 A65
|h Library of Congress classification
|i unmediated -- volume
|
| 998 |
f |
f |
|a PS648.S3 A65
|s 9th (1964)
|t 0
|l Evans: Library Stacks
|